Donald Winnicott

Αποθηκεύτηκε σε:
Λεπτομέρειες βιβλιογραφικής εγγραφής
Κύριος συγγραφέας: Τσαμπαρλή-Κιτσαρά, Αναστασία
Μορφή: Βιβλίο
Γλώσσα:Greek
Δημοσίευση: Αθήνα : Ατραπός, 2000.
Σειρά:Κείμενα παιδείας (Ατραπός) 5
Θέματα:
Ετικέτες: Προσθήκη ετικέτας
Δεν υπάρχουν, Καταχωρήστε ετικέτα πρώτοι!

MARC

LEADER 00000cam a2200000 i 4500
001 1/19042
008 010328s2000 gr | ||| |||| ||gre||
020 |a 9608077168 
035 |l 10066709 
040 |a GR-MY-UA  |b gre  |e aacr 
041 0 |a gre 
082 7 |a 150.195   |2 (22) 
100 1 |a Τσαμπαρλή-Κιτσαρά, Αναστασία. 
245 1 0 |a Donald Winnicott /   |c Αναστασία Τσαμπαρλή. 
260 |a Αθήνα :   |b Ατραπός,   |c 2000. 
300 |a 108 σ. ;   |c 21 εκ.  
490 1 |a (Κείμενα παιδείας / Ατραπός ;   |v 5) 
600 1 0 |a Winnicott, D. W.   |q (Donald Woods),   |d 1896-1971. 
650 0 0 |a Child analysis. 
650 0 0 |a Psychoanalysis. 
830 0 |a Κείμενα παιδείας (Ατραπός)  |v 5 
852 |a INST  |b RHODES  |e 20010328  |h 150.195 ΤΣΑ  |p 005400017148  |q 005400017148  |t BK  |y 0 
852 |a INST  |b SAMOS  |e 20020408  |h 150.195 ΤΣΑ  |p 005300020158  |q 005300020158  |t BK  |y 0 
901 |a BIBL3-2002-1 
901 |a BIBL4-2001-1 
909 |a Σ  |b 087440 
909 |a Ρ  |b 084891 
970 |a ΚΟΥΛΑΚΙΟΤΗ  |b ΛΙΤΣΑ  |z 2001/03/28